000 00548nam a22001937a 4500
005 20251108165024.0
008 250721s1994 xx 000 0 ara d
082 1 4 _a927.864/شري
100 1 _aالشرين، زيد
245 1 0 _aأعلام الموسيقى الغربية /
264 1 _aدمشق :
_bوزارة الثقافة،
_c1994.
300 _a520ص
650 1 7 _aالموسيقى
650 1 7 _aالتراجم
650 1 7 _aالموسيقى الغربية
650 1 7 _aالموسيقيون
942 _2ddc
_cBK
999 _c20127
_d20127